Advanced business (Record no. 83690)

MARC details
000 -LEADER
fixed length control field 00908nam a2200205 a 4500
008 - FIXED-LENGTH DATA ELEMENTS--GENERAL INFORMATION
fixed length control field 120416s0000 xx |||||||||||||| || u
020 ## - INTERNATIONAL STANDARD BOOK NUMBER
International Standard Book Number 043545255x
050 ## - LIBRARY OF CONGRESS CALL NUMBER
Classification number HF 5030 Nee
100 ## - MAIN ENTRY--PERSONAL NAME
Personal name Needham, Dave
245 10 - TITLE STATEMENT
Title Advanced business
250 ## - EDITION STATEMENT
Edition statement 2nd ed.
350 ## -
-- 0.00
650 #0 - SUBJECT ADDED ENTRY--TOPICAL TERM
Topical term or geographic name entry element MANAGEMENT
650 #0 - SUBJECT ADDED ENTRY--TOPICAL TERM
Topical term or geographic name entry element BUSINESS
650 ## - SUBJECT ADDED ENTRY--TOPICAL TERM
Topical term or geographic name entry element Industrial management - United States
650 ## - SUBJECT ADDED ENTRY--TOPICAL TERM
Topical term or geographic name entry element BUSINESS ENTERPRISES--UNITED STATES
995 ## -
-- MAIN LIBRARY OPEN ACCESS
-- 0.00
-- 026127
-- CBU-MAIN LIBRARY (Kitwe)
-- 2
-- 15.95
-- HF 5030 Nee
-- LOST
-- 026127
-- Main Library Open Access Collection
995 ## -
-- MAIN LIBRARY OPEN ACCESS
-- 0.00
-- 730595
-- CBU-MAIN LIBRARY (Kitwe)
-- 1
-- 15.95
-- HF 5030 Nee
-- 3
-- AVAILABLE
-- 027511
-- Main Library Open Access Collection
995 ## -
-- MAIN LIBRARY OPEN ACCESS
-- 0.00
-- 026442
-- CBU-MAIN LIBRARY (Kitwe)
-- 3
-- 15.95
-- HF 5030 Nee
-- AVAILABLE
-- 026442
-- Main Library Open Access Collection
999 ## -
-- 83690
-- 83690
Holdings
Withdrawn status Lost status Source of classification or shelving scheme Damaged status Not for loan Permanent Location Current Location Shelving location Date acquired Total Checkouts Full call number Barcode Date last seen Copy number Price effective from Koha item type
          CBU-MAIN LIBRARY, KITWE. CBU-MAIN LIBRARY, KITWE.   01/08/2024   HF 5030 Nee 026127 01/08/2024 1 01/08/2024 MONOGRAPH
          CBU-MAIN LIBRARY, KITWE. CBU-MAIN LIBRARY, KITWE.   01/08/2024   HF 5030 Nee 027511 01/08/2024 2 01/08/2024 MONOGRAPH
          CBU-MAIN LIBRARY, KITWE. CBU-MAIN LIBRARY, KITWE.   01/08/2024   HF 5030 Nee 026442 01/08/2024 3 01/08/2024 MONOGRAPH